000
00287nam a22001217a 4500
020
_a
978-1-84535-414-5
082
_a
823
_b
THO/B
100
_a
THOMSON
245
_a
BOUNCE BOUNCE
_b
BEANO ANNUAL 2011
260
_a
LONDON
_b
THOMSON & CO
650
_a
ENGLISH SHORT STORY
_z
LONDON
942
_c
BK
999
_c
3074
_d
3074